000 01354nam0a22003011 4500
001 rc\3197685
005 20260407002939.0
021 _aRU
_b77-11577
021 _aRU
_bРг5030-77
035 _a(NLR Aleph) 007343783
090 _a6136853
_c6136853
100 _a20120628d1976 |||y0rusy50 ca
101 0 _arus
102 _aRU
105 _aa z |||||
200 1 _aМетодические рекомендации по предпроектному обследованию объектов управления пи создании ОАСУ
_fМ-во жил.-коммун. хоз-ва УССР. Науч.-исслед. и конструкт.-технол. ин-т гор. хоз-ва
210 _aКиев
_cБ. и.
_d1976
215 _a32 с., 3 л. табл.
_d20
300 _aНа обороте тит. л.: разраб. В.А. Драпалюк и Д.И. Мужев
320 _aБиблиогр.: с. 30-31
702 1 _aМужев
_bД.И.
_4570
702 1 _aДрапалюк
_bВ.А.
_4570
712 0 2 _aНаучно-исследовательский и конструкторско-технологический институт городского хозяйства
_cКиев
_3RU\NLR\AUTH\889993595
_9483678
801 0 _aRU
_bNLR
_gpsbo
801 1 _aRU
_bELAR
_2rusmarc
852 _aNLR
_j77-4/9141
942 _cBOOK
980 _aNB